000
00209 a2200097 4500
020
_a
9780822530947
041
_a
spa
100
_a
Rhodes Figley,Marty
245
_a
salvar a la campana de la libertad
942
_c
BK
999
_c
8811
_d
8811